Komunitné centrum filmového a kreatívneho kampusu, Hubice

Na minha lista:
Detalhes bibliográficos
Autor principal: Divišová, Johana (Author)
Outros Autores: Hain, Vladimír (Thesis advisor)
Formato: Manuscrito Livro
Idioma:eslovaco
Publicado em: 2025
Assuntos:
Acesso em linha:http://is.stuba.sk/zp/portal_zp.pl?podrobnosti=161743
Tags: Adicionar Tag
Sem tags, seja o primeiro a adicionar uma tag!

MARC

LEADER 00000ntm a22000003a 4500
001 stuzp105204
003 SK-STU
005 20250614213709.0
007 ta
008 150427s2015----xo-----f-mn---000-0-slo-d
040 |a STU  |b slo 
041 0 |a slo 
100 1 |a Divišová, Johana  |u 054140  |4 aut  |U FAD Fakulta architektúry a dizajnu  |T FAD Ústav konštrukcií v architektúre a inžinierskych stavieb  |X 110014  |U A4140  |Y 395  |7 110014 
242 0 1 |a Community Center of Film and Creative Campus, Hubice  |y eng 
245 1 0 |a Komunitné centrum filmového a kreatívneho kampusu, Hubice 
260 |c 2025 
650 4 |a atmospheres  |2 eng 
650 4 |a open disposition  |2 eng 
650 4 |a film industry  |2 eng 
650 4 |a Hubice  |2 eng 
650 4 |a coworking  |2 eng 
650 4 |a workshops  |2 eng 
650 4 |a outdoor exhibitions  |2 eng 
650 4 |a café  |2 eng 
650 4 |a multifunctional hall  |2 eng 
650 4 |a cultural and creative center  |2 eng 
650 4 |a filmový priemysel  |2 slo 
650 4 |a vonkajšie expozície  |2 slo 
650 4 |a kaviareň  |2 slo 
650 4 |a atmosféry  |2 slo 
650 4 |a otvorená dispozícia  |2 slo 
650 4 |a Hubice  |2 slo 
650 4 |a cowork  |2 slo 
650 4 |a dieľne  |2 slo 
650 4 |a multifunkčná sála  |2 slo 
650 4 |a kultúrno-kreatívne centrum  |2 slo 
700 1 |a Hain, Vladimír  |u 054140  |k Z1  |4 ths  |U FAD Fakulta architektúry a dizajnu  |T FAD Ústav konštrukcií v architektúre a inžinierskych stavieb  |X 27763  |U A4140  |Y 395  |7 A000027763 
856 4 |u http://is.stuba.sk/zp/portal_zp.pl?podrobnosti=161743